000 00689nam a2200277Ia 4500
005 20260324120821.0
008 008 260324s9999 xx 000 0 eng d
020 _a9781315578125
037 _aEBOOK
040 _aCRL
040 _beng
040 _cCRL
041 _2eng
041 _aeng
084 _qCRL
100 _aKristi Upson-Saia; Carly Daniel-Hughes; Alicia J. Batten
_91160088
245 0 _aDressing Judeans and Christians in Antiquity
260 _bTaylor and Francis
260 _c2014
365 _a
365 _b220
856 _uhttp://www.taylorfrancis.com/books/9781315578125
942 _cEBOOK
999 _c1751811
_d1751811